| 000 | 00884nac a22002537a 4500 | ||
|---|---|---|---|
| 001 | BR7704397 | ||
| 003 | BR-BrBNA | ||
| 005 | 20240105114125.0 | ||
| 008 | 230509b bl.|||m| |||| 00| 0 por d | ||
| 040 |
_aBR-BrBNA _bpor _cBiblioteca Nacional de Agricultura |
||
| 072 | _aE70 | ||
| 090 | _a9910 BR7704397 | ||
| 100 | 1 | _aDoria, J.O.A. | |
| 110 | 1 |
_aInstituto Brasileiro do Cafe, Rio de Janeiro, RJ (Brasil). Coord. de Estudos da Economia Cafeeira _95881 |
|
| 245 | 1 | _aCafe para consumo interno; controle de qualidade | |
| 260 | 3 |
_aRio de Janeiro, RJ (Brasil): _c1978. |
|
| 300 | _a6 p. | ||
| 490 |
_aEstudos Especiais - Instituto Brasileiro do Cafe. Coord. de Estudos da Economia Cafeeira (Brazil) _vv. 1(3) _x |
||
| 650 | _aCAFE | ||
| 650 | _aCONTROLE DE QUALIDADE | ||
| 650 | _aCONSUMO INTERNO | ||
| 909 |
_a202312 _bLúcia Elande _c55 _dLúcia Elande |
||
| 942 |
_2AGRIS _n0 _cMS |
||
| 999 |
_c267518 _d267518 |
||